| 000 | 00820nam a22002775i 4500 | ||
|---|---|---|---|
| 001 | 183104 | ||
| 003 | ES-MaACL | ||
| 005 | 20250804052224.0 | ||
| 008 | 140116s1992 sp | |||| ||spa d | ||
| 020 | _a84-7245-240-9 | ||
| 080 | _a159.963.3 | ||
| 080 | _a128 | ||
| 100 | 1 |
_aFranz, Marie-Louise von. _9154214 |
|
| 245 | 1 | 0 |
_aSobre los sueños y la muerte / _cMarie-Louise von Franz ; [traducción, Claudia Fantl]. |
| 250 | _a[1ª ed.]. | ||
| 260 |
_aBarcelona : _bKairós, _c1992. |
||
| 300 |
_a223 p. ; _c20 cm. |
||
| 490 | 1 | _aColección Psicología | |
| 504 | _aBibliografía: p. 203-221. | ||
| 650 | 0 | 4 |
_aSueños. _917252 |
| 650 | 7 |
_aMuerte _2embne _915241 |
|
| 700 | 1 |
_aFantl, Claudia. _9154215 |
|
| 830 | 0 |
_aColección Psicología _9179967 |
|
| 852 |
_aES-MaACL _jL-29919 |
||
| 999 |
_c183104 _d183104 |
||